=LDR 00000nam 2200000 4500 =001 INLIS000000000010460 =005 20130612102125 =008 ***********************************Ind** =035 ##$$0010-061300000010460 =041 ##$$a Ind =082 ##$$a R.300.3 =090 ##$$a R.300.3, Kup e =100 ##$$a KUPER, Adam =245 ##$$a Ensiklopedi ilmu-ilmu sosial =260 ##$$a 2000 $b Jakarta =300 ##$$a 1159 hlm, 24 cm =650 ##$$a Ilmu-ilmu Sosial - Ensiklopedi =850 ##$$a NBPNMAT